| 000 | 00438nam a22001577a 4500 | ||
|---|---|---|---|
| 003 | OSt | ||
| 005 | 20211021163503.0 | ||
| 008 | 211021b |||||||| |||| 00| 0 eng d | ||
| 020 | _a0 11 241438 9 | ||
| 040 | _cHAWASSA UNIVERSITY631.7/MIN | ||
| 050 |
_a631.7/MIN _b3 |
||
| 082 |
_24 _a631.7/MIN _b3 |
||
| 245 | _aMINSTRY OF AGRICULTURE,FISHERIES AND FOOD | ||
| 260 |
_aLONDON _bHER MAJESTY'S STATIONERY OFFICE _c1974 |
||
| 942 |
_2ddc _cBOOKS _n0 |
||
| 999 |
_c14239 _d14239 |
||